| 000 | 01105cam a22003494a 4500 | ||
|---|---|---|---|
| 999 |
_c5895 _d5895 |
||
| 001 | YPZ3421 | ||
| 003 | YPZ | ||
| 005 | 20240502104028.0 | ||
| 008 | 040429|###########||||||b||||||||||spa|d | ||
| 020 | _a9505573448 | ||
| 040 |
_cSIUNPA _aSIUNPA _bspa _eAACR2 |
||
| 041 | _aspa | ||
| 044 | _aag | ||
| 080 | _a159.97 F762a | ||
| 100 | _aFoucault, Michel | ||
| 245 |
_aLos anormales _b: curso en el Collège de France (1974-1975) _c/ Michel Foucault ; director de edición François Ewald ; editor Valerio Marchetti ; traductor Horacio Pons |
||
| 250 | _a1a. ed., 2a. reimpr. | ||
| 260 |
_aBuenos Aires _b : Fondo de Cultura Económica _c , 2001 |
||
| 300 | _a350 p. | ||
| 650 | _a PSIQUIATRIA | ||
| 650 | _aSEXUALIDAD | ||
| 650 | _a PSICOPATOLOGIA | ||
| 650 | _a PSIQUIATRIA INFANTIL | ||
| 650 | _a TRASTORNOS MENTALES | ||
| 650 | _a DELITO | ||
| 700 |
_4, dir. de ed. _aEwald, François |
||
| 700 |
_4, dir. de ed. _aFontana, Alessandro |
||
| 700 |
_4, ed. _aMarchetti, Valerio |
||
| 700 |
_4, ed. _aSalomoni, Antonella |
||
| 700 |
_4, tr. _aPons, Horacio |
||
| 942 |
_cBK _2udc |
||